[Event "MCRDMZ 2018"]
[Site "Varnsdorf"]
[Date "2018.06.17"]
[Round "7.17"]
[White "Trasakova Adela (Polabiny A)"]
[Black "Le Martin (Ricany)"]
[Result "1-0"]
[BlackElo "1376"]
[WhiteElo "1611"]
[LiveChessVersion "1.4.8"]

1. d4 {[%clk 0:25:16]} Nf6 {[%clk 0:25:19]} 2. Bf4 {[%clk 0:25:23]} g6
{[%clk 0:25:20]} 3. Nd2 {[%clk 0:25:25]} Bg7 {[%clk 0:25:22]} 4. c3
{[%clk 0:25:27]} d6 {[%clk 0:25:21]} 5. e4 {[%clk 0:25:34]} Nc6 {[%clk 0:25:11]}
6. Bc4 {[%clk 0:25:04]} O-O {[%clk 0:25:08]} 7. Ngf3 {[%clk 0:25:04]} Bg4
{[%clk 0:25:11]} 8. O-O {[%clk 0:25:00]} Nd7 {[%clk 0:24:45]} 9. h3
{[%clk 0:24:46]} Bxf3 {[%clk 0:24:47]} 10. Nxf3 {[%clk 0:24:47]} e5
{[%clk 0:24:11]} 11. Bg3 {[%clk 0:22:12]} exd4 {[%clk 0:23:56]} 12. cxd4
{[%clk 0:21:52]} Re8 {[%clk 0:23:20]} 13. Re1 {[%clk 0:21:19]} Qf6
{[%clk 0:19:44]} 14. Bh4 {[%clk 0:19:34]} Qf4 {[%clk 0:18:57]} 15. Bg5
{[%clk 0:19:12]} Qxe4 {[%clk 0:18:06]} 16. Rxe4 {[%clk 0:19:08]} Rxe4
{[%clk 0:18:12]} 17. Be3 {[%clk 0:18:06]} Nb6 {[%clk 0:17:10]} 18. Bd3
{[%clk 0:16:27]} Ree8 {[%clk 0:16:13]} 19. Bb5 {[%clk 0:16:12]} Rab8
{[%clk 0:15:50]} 20. Rc1 {[%clk 0:16:10]} a6 {[%clk 0:15:10]} 21. Bxc6
{[%clk 0:16:08]} bxc6 {[%clk 0:15:19]} 22. Rxc6 {[%clk 0:16:16]} Nd5
{[%clk 0:14:42]} 23. Bc1 a5 {[%clk 0:13:38]} 24. a3 {[%clk 0:14:08]} Rb7
{[%clk 0:11:55]} 25. Ra6 {[%clk 0:13:17]} Rb5 {[%clk 0:10:21]} 26. a4
{[%clk 0:12:50]} Rb7 {[%clk 0:10:07]} 27. Rxa5 {[%clk 0:12:38]} Nb6
{[%clk 0:09:55]} 28. Qc2 {[%clk 0:10:15]} Re6 {[%clk 0:05:41]} 29. Rb5
{[%clk 0:09:30]} c6 {[%clk 0:04:01]} 30. Qxc6 {[%clk 0:08:50]} Rb8
{[%clk 0:02:52]} 31. Rxb6 {[%clk 0:08:49]} Rxb6 {[%clk 0:03:00]} 32. Qxb6
{[%clk 0:08:54]} Re8 {[%clk 0:02:53]} 33. a5 {[%clk 0:08:57]} Rc8
{[%clk 0:02:46]} 34. Be3 {[%clk 0:08:50]} h6 {[%clk 0:02:25]} 35. a6
{[%clk 0:08:58]} Rf8 {[%clk 0:02:08]} 36. a7 {[%clk 0:09:07]} Kh7
{[%clk 0:02:14]} 37. Qb7 {[%clk 0:09:11]} 1-0

[Event "MCRDMZ 2018"]
[Site "Varnsdorf"]
[Date "2018.06.17"]
[Round "7.18"]
[White "Pravdova Tereza (Ricany)"]
[Black "Stary Vojtech (Polabiny A)"]
[Result "0-1"]
[BlackElo "1290"]
[WhiteElo "1089"]
[LiveChessVersion "1.4.8"]

1. e4 {[%clk 0:25:18]} e5 {[%clk 0:25:19]} 2. Nf3 {[%clk 0:25:25]} Nc6
{[%clk 0:25:27]} 3. Bc4 {[%clk 0:25:33]} Bc5 {[%clk 0:25:34]} 4. b4
{[%clk 0:25:40]} Bxb4 {[%clk 0:25:38]} 5. c3 {[%clk 0:25:48]} Bc5
{[%clk 0:25:41]} 6. d4 {[%clk 0:25:55]} exd4 {[%clk 0:25:40]} 7. cxd4
{[%clk 0:25:39]} Bb6 {[%clk 0:24:36]} 8. Ba3 {[%clk 0:25:35]} d6 {[%clk 0:24:30]}
9. O-O {[%clk 0:24:47]} Bg4 {[%clk 0:24:26]} 10. h3 {[%clk 0:23:16]} Bh5
{[%clk 0:24:34]} 11. Be2 {[%clk 0:22:39]} Bxf3 {[%clk 0:24:34]} 12. Bxf3
{[%clk 0:22:41]} Bxd4 {[%clk 0:24:41]} 13. Nc3 {[%clk 0:21:50]} Bxc3
{[%clk 0:24:38]} 14. Rc1 {[%clk 0:21:55]} Bf6 {[%clk 0:24:43]} 15. Re1
{[%clk 0:21:21]} Nge7 {[%clk 0:24:39]} 16. Bg4 {[%clk 0:17:16]} O-O
{[%clk 0:24:09]} 17. Bf5 {[%clk 0:16:06]} Nxf5 {[%clk 0:23:48]} 18. exf5
{[%clk 0:16:10]} Re8 {[%clk 0:23:04]} 19. Rxe8+ {[%clk 0:16:10]} Qxe8
{[%clk 0:23:10]} 20. Qd2 {[%clk 0:16:11]} Qe5 {[%clk 0:21:19]} 21. Re1
{[%clk 0:15:53]} Qxf5 {[%clk 0:20:42]} 22. Qe2 {[%clk 0:14:32]} h6
{[%clk 0:20:23]} 23. Bb2 {[%clk 0:13:59]} Nd4 {[%clk 0:19:22]} 24. Bxd4
{[%clk 0:13:56]} Bxd4 {[%clk 0:19:26]} 25. Rf1 {[%clk 0:13:19]} Qe5
{[%clk 0:19:11]} 26. Qc4 {[%clk 0:12:50]} d5 {[%clk 0:18:40]} 27. Qc2
{[%clk 0:12:22]} Re8 {[%clk 0:17:58]} 28. a3 {[%clk 0:10:55]} c6 {[%clk 0:17:51]}
29. Qd2 {[%clk 0:09:56]} Bc5 {[%clk 0:17:34]} 30. Qd3 {[%clk 0:09:29]} Qb2
{[%clk 0:16:16]} 31. a4 {[%clk 0:09:04]} Re2 {[%clk 0:16:11]} 32. Kh2
{[%clk 0:08:26]} Rxf2 {[%clk 0:16:08]} 33. Rg1 {[%clk 0:07:06]} Rd2
{[%clk 0:16:11]} 34. Qf3 {[%clk 0:06:28]} Bxg1+ {[%clk 0:15:40]} 35. Kxg1
{[%clk 0:06:36]} Qd4+ {[%clk 0:15:23]} 36. Kh2 {[%clk 0:06:45]} Qf2
{[%clk 0:15:17]} 37. Qg4 {[%clk 0:06:39]} d4 {[%clk 0:14:57]} 38. Qe4
{[%clk 0:06:06]} d3 {[%clk 0:14:49]} 39. Qe5 {[%clk 0:04:38]} Qxg2#
{[%clk 0:14:34]} 0-1

[Event "MCRDMZ 2018"]
[Site "Varnsdorf"]
[Date "2018.06.17"]
[Round "8.1"]
[White "Kures Michael (Loko Brno A)"]
[Black "Prochazka Vojtech (Unichess)"]
[Result "1-0"]
[BlackElo "1482"]
[WhiteElo "1879"]
[LiveChessVersion "1.4.8"]

1. e4 {[%clk 0:25:17]} e5 {[%clk 0:25:19]} 2. Nc3 {[%clk 0:25:23]} Nf6
{[%clk 0:25:23]} 3. Bc4 {[%clk 0:25:26]} Nxe4 {[%clk 0:23:26]} 4. Bxf7+
{[%clk 0:25:31]} Kxf7 {[%clk 0:23:31]} 5. Nxe4 {[%clk 0:25:36]} g6
{[%clk 0:21:55]} 6. d4 {[%clk 0:24:15]} exd4 {[%clk 0:18:32]} 7. Qf3+
{[%clk 0:20:04]} Kg7 {[%clk 0:18:19]} 8. Ne2 {[%clk 0:14:21]} Nc6
{[%clk 0:17:41]} 9. O-O {[%clk 0:13:06]} Be7 {[%clk 0:16:41]} 10. Qf4
{[%clk 0:12:28]} h6 {[%clk 0:12:05]} 11. N4g3 {[%clk 0:08:34]} Bg5
{[%clk 0:09:36]} 12. Qe4 {[%clk 0:08:02]} d5 {[%clk 0:07:49]} 13. Bxg5
{[%clk 0:07:57]} dxe4 {[%clk 0:06:41]} 14. Bxd8 {[%clk 0:07:57]} Rxd8
{[%clk 0:06:30]} 15. Nxe4 {[%clk 0:07:59]} Bf5 {[%clk 0:02:53]} 16. N2g3
{[%clk 0:08:01]} Bxe4 {[%clk 0:02:23]} 17. Nxe4 {[%clk 0:08:01]} Re8
{[%clk 0:02:30]} 18. f3 {[%clk 0:07:55]} Rad8 {[%clk 0:02:01]} 19. Rfd1
{[%clk 0:07:40]} b6 {[%clk 0:01:53]} 20. a3 {[%clk 0:07:35]} Ne5 {[%clk 0:01:29]}
21. b3 {[%clk 0:07:20]} c5 {[%clk 0:01:17]} 22. Rd2 {[%clk 0:07:08]} Rd7
{[%clk 0:00:56]} 23. Rad1 {[%clk 0:07:06]} Red8 {[%clk 0:01:05]} 24. Kf1
{[%clk 0:06:07]} Rd5 {[%clk 0:00:47]} 25. h3 {[%clk 0:05:38]} b5 {[%clk 0:00:33]}
26. Kg1 {[%clk 0:05:10]} c4 {[%clk 0:00:18]} 27. bxc4 {[%clk 0:05:16]} Nxc4
{[%clk 0:00:25]} 28. Re2 {[%clk 0:03:45]} Nxa3 {[%clk 0:00:33]} 29. Nf2
{[%clk 0:03:37]} R8d7 {[%clk 0:00:27]} 30. Rde1 {[%clk 0:03:35]} Kf7
{[%clk 0:00:28]} 31. Ng4 {[%clk 0:03:43]} Kg7 {[%clk 0:00:28]} 32. Re7+
{[%clk 0:03:30]} Kf8 {[%clk 0:00:29]} 33. Re8+ {[%clk 0:03:21]} Kg7
{[%clk 0:00:30]} 34. R8e7+ {[%clk 0:02:40]} Rxe7 {[%clk 0:00:39]} 35. Rxe7+
{[%clk 0:02:36]} Kf8 {[%clk 0:00:46]} 36. Rc7 {[%clk 0:02:08]} h5
{[%clk 0:00:49]} 37. Nf6 {[%clk 0:01:54]} Rf5 {[%clk 0:00:53]} 38. Ne4
{[%clk 0:01:37]} a5 {[%clk 0:00:52]} 39. Kf2 {[%clk 0:01:06]} Rf7
{[%clk 0:00:34]} 40. Rc8+ {[%clk 0:00:40]} Kg7 {[%clk 0:00:25]} 41. Nd6
{[%clk 0:00:22]} Rd7 {[%clk 0:00:30]} 42. Ne4 {[%clk 0:00:30]} a4
{[%clk 0:00:17]} 43. Ke2 {[%clk 0:00:38]} b4 {[%clk 0:00:11]} 44. Kd1
{[%clk 0:00:36]} 1-0

[Event "MCRDMZ 2018"]
[Site "Varnsdorf"]
[Date "2018.06.17"]
[Round "8.2"]
[White "Soucek Petr (Unichess)"]
[Black "Hladky Tadeas (Loko Brno A)"]
[Result "1-0"]
[BlackElo "1659"]
[WhiteElo "1539"]
[LiveChessVersion "1.4.8"]

1. d4 {[%clk 0:25:18]} d5 {[%clk 0:25:18]} 2. c4 {[%clk 0:25:27]} c6
{[%clk 0:25:26]} 3. Nf3 {[%clk 0:25:30]} Nf6 {[%clk 0:25:33]} 4. Nc3
{[%clk 0:25:39]} dxc4 {[%clk 0:25:38]} 5. a4 {[%clk 0:25:47]} Bf5
{[%clk 0:25:42]} 6. Ne5 {[%clk 0:25:50]} Nbd7 {[%clk 0:25:18]} 7. Nxc4
{[%clk 0:25:57]} e6 {[%clk 0:25:03]} 8. f3 {[%clk 0:26:03]} Be7 {[%clk 0:24:36]}
9. e4 {[%clk 0:26:08]} Bg6 {[%clk 0:24:44]} 10. Bd3 {[%clk 0:25:49]} O-O
{[%clk 0:24:03]} 11. O-O {[%clk 0:25:56]} Nb6 {[%clk 0:21:56]} 12. Be3
{[%clk 0:24:47]} Nxc4 {[%clk 0:21:35]} 13. Bxc4 {[%clk 0:24:55]} Qd7
{[%clk 0:19:50]} 14. Qe2 {[%clk 0:24:05]} Rfd8 {[%clk 0:18:45]} 15. Rfd1
{[%clk 0:24:12]} Qe8 {[%clk 0:16:53]} 16. Rab1 {[%clk 0:22:54]} Qf8
{[%clk 0:15:59]} 17. Qf2 {[%clk 0:20:08]} Rac8 {[%clk 0:15:00]} 18. Rbc1
{[%clk 0:17:45]} h6 {[%clk 0:13:04]} 19. Kh1 {[%clk 0:16:27]} Kh7
{[%clk 0:10:10]} 20. Ba2 {[%clk 0:13:06]} Rd7 {[%clk 0:08:35]} 21. Rd3
{[%clk 0:10:26]} c5 {[%clk 0:07:53]} 22. d5 {[%clk 0:10:00]} exd5
{[%clk 0:07:58]} 23. Nxd5 {[%clk 0:09:55]} Nxd5 {[%clk 0:08:06]} 24. Rxd5
{[%clk 0:10:00]} Rxd5 {[%clk 0:06:47]} 25. Bxd5 {[%clk 0:10:08]} b6
{[%clk 0:06:24]} 26. Qe2 {[%clk 0:08:35]} Qe8 {[%clk 0:03:54]} 27. Qa6
{[%clk 0:06:59]} Qd7 {[%clk 0:02:54]} 28. b4 {[%clk 0:05:22]} f5 {[%clk 0:01:27]}
29. a5 {[%clk 0:02:37]} fxe4 {[%clk 0:00:47]} 30. fxe4 {[%clk 0:02:45]} bxa5
{[%clk 0:00:38]} 31. bxc5 {[%clk 0:01:50]} Qd8 {[%clk 0:00:16]} 32. Qxa7
{[%clk 0:01:18]} Qc7 {[%clk 0:00:21]} 33. c6 {[%clk 0:00:59]} Qxa7
{[%clk 0:00:19]} 34. Bxa7 {[%clk 0:01:08]} Be8 {[%clk 0:00:17]} 35. c7
{[%clk 0:01:01]} Bd6 {[%clk 0:00:15]} 36. Bb6 {[%clk 0:01:06]} Bd7
{[%clk 0:00:18]} 37. Bxa5 {[%clk 0:01:10]} g5 {[%clk 0:00:17]} 38. g3
{[%clk 0:01:10]} Re8 {[%clk 0:00:20]} 39. Bc6 {[%clk 0:00:41]} Bxc6
{[%clk 0:00:24]} 40. Rxc6 {[%clk 0:00:50]} Rc8 {[%clk 0:00:32]} 41. Rxd6
{[%clk 0:00:58]} 1-0

[Event "MCRDMZ 2018"]
[Site "Varnsdorf"]
[Date "2018.06.17"]
[Round "8.3"]
[White "Mohapl Tomas (Loko Brno A)"]
[Black "Soucek Jan (Unichess)"]
[Result "0-1"]
[BlackElo "1444"]
[WhiteElo "1563"]
[LiveChessVersion "1.4.8"]

1. e4 {[%clk 0:25:18]} e5 {[%clk 0:25:18]} 2. Nf3 {[%clk 0:25:25]} Nc6
{[%clk 0:25:26]} 3. Bc4 {[%clk 0:25:30]} Bc5 {[%clk 0:25:32]} 4. b4
{[%clk 0:25:17]} Bxb4 {[%clk 0:25:30]} 5. c3 {[%clk 0:25:18]} Ba5
{[%clk 0:24:09]} 6. d4 {[%clk 0:25:04]} exd4 {[%clk 0:24:15]} 7. O-O
{[%clk 0:24:53]} dxc3 {[%clk 0:22:56]} 8. Qb3 {[%clk 0:23:44]} Qf6
{[%clk 0:20:27]} 9. Bg5 {[%clk 0:21:02]} Qg6 {[%clk 0:19:58]} 10. Nxc3
{[%clk 0:18:39]} Bxc3 {[%clk 0:18:10]} 11. Qxc3 {[%clk 0:18:25]} Nge7
{[%clk 0:17:20]} 12. Qe3 {[%clk 0:14:20]} O-O {[%clk 0:12:59]} 13. Nh4
{[%clk 0:12:43]} Qd6 {[%clk 0:13:02]} 14. Bf4 {[%clk 0:11:00]} Qb4
{[%clk 0:10:49]} 15. Rac1 {[%clk 0:09:01]} d6 {[%clk 0:09:11]} 16. Qg3
{[%clk 0:07:01]} Ng6 {[%clk 0:06:50]} 17. Nxg6 {[%clk 0:06:11]} hxg6
{[%clk 0:06:57]} 18. a3 {[%clk 0:05:47]} Qa4 {[%clk 0:05:56]} 19. Bd5
{[%clk 0:04:49]} Nd4 {[%clk 0:03:47]} 20. Rfe1 {[%clk 0:03:34]} Qb5
{[%clk 0:02:32]} 21. Bc4 {[%clk 0:03:16]} Qa4 {[%clk 0:02:41]} 22. Qc3
{[%clk 0:01:54]} Nc6 {[%clk 0:01:06]} 23. Bb3 {[%clk 0:01:39]} Qa5
{[%clk 0:00:52]} 24. Qd3 {[%clk 0:01:31]} Bd7 {[%clk 0:00:37]} 25. Bd2
{[%clk 0:01:27]} Qh5 {[%clk 0:00:20]} 26. Bc3 {[%clk 0:00:40]} Rac8
{[%clk 0:00:13]} 27. Bd1 {[%clk 0:00:42]} Qg5 {[%clk 0:00:22]} 28. Bf3
{[%clk 0:00:44]} Ne5 {[%clk 0:00:27]} 29. Bxe5 {[%clk 0:00:51]} Qxe5
{[%clk 0:00:35]} 30. Qb3 {[%clk 0:00:53]} Qb5 {[%clk 0:00:30]} 31. Qe3
{[%clk 0:00:46]} Qb6 {[%clk 0:00:29]} 32. Qc3 {[%clk 0:00:41]} Qb5
{[%clk 0:00:30]} 33. Rb1 {[%clk 0:00:44]} Qc6 {[%clk 0:00:36]} 34. Qb3
{[%clk 0:00:47]} Rb8 {[%clk 0:00:43]} 35. Rec1 {[%clk 0:00:53]} Qb6
{[%clk 0:00:21]} 36. Qd3 {[%clk 0:00:54]} Qa5 {[%clk 0:00:19]} 37. Qb3
{[%clk 0:00:31]} Rfc8 {[%clk 0:00:19]} 38. Be2 {[%clk 0:00:27]} Qe5
{[%clk 0:00:23]} 39. Qd3 {[%clk 0:00:31]} a6 {[%clk 0:00:26]} 40. Qe3
{[%clk 0:00:17]} Bc6 {[%clk 0:00:22]} 41. Bd3 {[%clk 0:00:22]} Re8
{[%clk 0:00:29]} 42. f3 {[%clk 0:00:24]} Rbc8 {[%clk 0:00:13]} 43. Kh1
{[%clk 0:00:22]} Rb8 {[%clk 0:00:21]} 44. Kg1 {[%clk 0:00:20]} Kh8
{[%clk 0:00:28]} 45. Kh1 {[%clk 0:00:23]} f5 {[%clk 0:00:32]} 46. Re1
{[%clk 0:00:23]} fxe4 {[%clk 0:00:26]} 47. Bxe4 {[%clk 0:00:20]} Bxe4
{[%clk 0:00:34]} 48. fxe4 {[%clk 0:00:22]} d5 {[%clk 0:00:34]} 49. Rb4
{[%clk 0:00:26]} b6 {[%clk 0:00:14]} 50. Rd4 {[%clk 0:00:31]} c5 {[%clk 0:00:16]}
51. Rxd5 {[%clk 0:00:32]} Qxd5 {[%clk 0:00:21]} 52. exd5 {[%clk 0:00:24]} Rxe3
{[%clk 0:00:30]} 53. Rxe3 {[%clk 0:00:32]} Rd8 {[%clk 0:00:39]} 54. Rd3
{[%clk 0:00:34]} Kg8 {[%clk 0:00:45]} 55. Kg1 {[%clk 0:00:41]} Kf7
{[%clk 0:00:53]} 56. Rb3 {[%clk 0:00:44]} Rd6 {[%clk 0:00:57]} 57. Kf2
{[%clk 0:00:49]} b5 {[%clk 0:00:52]} 58. Rd3 {[%clk 0:00:53]} c4 {[%clk 0:00:57]}
59. Rd1 {[%clk 0:00:53]} Kf6 {[%clk 0:01:05]} 60. Rd4 {[%clk 0:00:22]} Ke5
{[%clk 0:01:12]} 61. Ke3 {[%clk 0:00:22]} Rxd5 {[%clk 0:00:56]} 62. Re4+
{[%clk 0:00:16]} Kf6 {[%clk 0:01:04]} 0-1

[Event "MCRDMZ 2018"]
[Site "Varnsdorf"]
[Date "2018.06.17"]
[Round "8.4"]
[White "Juhanak Daniel (Unichess)"]
[Black "Ulcak Michael (Loko Brno A)"]
[Result "0-1"]
[BlackElo "1551"]
[WhiteElo "1504"]
[LiveChessVersion "1.4.8"]

1. d4 {[%clk 0:25:17]} d5 {[%clk 0:25:19]} 2. c4 {[%clk 0:25:24]} c6
{[%clk 0:25:28]} 3. Nf3 {[%clk 0:25:30]} Nf6 {[%clk 0:25:36]} 4. Nc3
{[%clk 0:25:36]} e6 {[%clk 0:24:24]} 5. e3 {[%clk 0:24:39]} Be7 {[%clk 0:24:12]}
6. b3 {[%clk 0:23:27]} Nbd7 {[%clk 0:23:51]} 7. Bb2 {[%clk 0:23:17]} O-O
{[%clk 0:23:50]} 8. Bd3 {[%clk 0:23:14]} dxc4 {[%clk 0:23:52]} 9. bxc4
{[%clk 0:22:58]} b6 {[%clk 0:19:19]} 10. O-O {[%clk 0:21:39]} Bb7
{[%clk 0:18:51]} 11. e4 {[%clk 0:19:43]} c5 {[%clk 0:13:29]} 12. e5
{[%clk 0:15:57]} Ne8 {[%clk 0:13:33]} 13. d5 {[%clk 0:15:35]} exd5
{[%clk 0:11:18]} 14. cxd5 {[%clk 0:14:42]} g6 {[%clk 0:11:14]} 15. d6
{[%clk 0:13:07]} Bg5 {[%clk 0:11:06]} 16. Be4 {[%clk 0:08:34]} Bxe4
{[%clk 0:09:56]} 17. Nxe4 {[%clk 0:08:35]} Bh6 {[%clk 0:09:59]} 18. Qd5
{[%clk 0:03:34]} Ng7 {[%clk 0:08:09]} 19. Rad1 {[%clk 0:02:11]} Ne6
{[%clk 0:07:42]} 20. g3 {[%clk 0:01:16]} Bg7 {[%clk 0:07:31]} 21. Bc1
{[%clk 0:00:54]} Qe8 {[%clk 0:06:51]} 22. Rfe1 {[%clk 0:00:42]} Kh8
{[%clk 0:06:37]} 23. Neg5 {[%clk 0:00:31]} h6 {[%clk 0:04:58]} 24. Ne4
{[%clk 0:00:30]} Rb8 {[%clk 0:03:44]} 25. Nf6 {[%clk 0:00:21]} Bxf6
{[%clk 0:02:46]} 26. exf6 {[%clk 0:00:25]} Nxf6 {[%clk 0:02:54]} 27. Qe5
{[%clk 0:00:20]} Kg7 {[%clk 0:01:58]} 28. Qd5 0-1

[Event "MCRDMZ 2018"]
[Site "Varnsdorf"]
[Date "2018.06.17"]
[Round "8.5"]
[White "Hladky Mikulas (Loko Brno A)"]
[Black "Day Tobias (Unichess)"]
[Result "0-1"]
[BlackElo "1361"]
[WhiteElo "1242"]
[LiveChessVersion "1.4.8"]

1. e4 {[%clk 0:25:17]} c5 {[%clk 0:25:18]} 2. c3 {[%clk 0:25:24]} Nf6
{[%clk 0:25:24]} 3. d3 {[%clk 0:25:28]} e6 {[%clk 0:22:16]} 4. Nf3
{[%clk 0:25:33]} Nc6 {[%clk 0:19:36]} 5. Bg5 {[%clk 0:25:30]} Be7 6. Bxf6
{[%clk 0:25:20]} Bxf6 {[%clk 0:19:08]} 7. Be2 {[%clk 0:25:24]} O-O
{[%clk 0:18:31]} 8. O-O d5 {[%clk 0:17:59]} 9. Nbd2 {[%clk 0:25:16]} b6
{[%clk 0:16:45]} 10. Nb3 {[%clk 0:24:37]} Bb7 {[%clk 0:16:31]} 11. d4
{[%clk 0:23:45]} dxe4 {[%clk 0:15:11]} 12. Nfd2 {[%clk 0:23:25]} cxd4
{[%clk 0:15:06]} 13. cxd4 {[%clk 0:23:25]} Nxd4 {[%clk 0:14:47]} 14. Nxd4
{[%clk 0:23:17]} Bxd4 {[%clk 0:14:21]} 15. Nc4 {[%clk 0:22:50]} Bc5
{[%clk 0:13:31]} 16. Qxd8 {[%clk 0:22:52]} Raxd8 {[%clk 0:12:57]} 17. Rfd1
{[%clk 0:22:28]} Ba6 {[%clk 0:12:13]} 18. b3 {[%clk 0:22:16]} Rd5
{[%clk 0:09:02]} 19. Kf1 {[%clk 0:21:32]} Rfd8 {[%clk 0:08:15]} 20. g3
{[%clk 0:20:56]} Kf8 {[%clk 0:06:58]} 21. Rac1 {[%clk 0:20:19]} Rxd1+
{[%clk 0:06:52]} 22. Rxd1 {[%clk 0:20:16]} Rxd1+ {[%clk 0:06:59]} 23. Bxd1
{[%clk 0:20:23]} Ke7 {[%clk 0:06:52]} 24. Ke2 {[%clk 0:20:31]} f5
{[%clk 0:05:53]} 25. f4 {[%clk 0:20:28]} exf3+ {[%clk 0:05:29]} 26. Kxf3
{[%clk 0:20:25]} Bg1 {[%clk 0:05:05]} 27. h3 {[%clk 0:20:17]} Bxc4
{[%clk 0:04:38]} 28. bxc4 {[%clk 0:20:16]} Kf6 {[%clk 0:04:18]} 29. Kg2
{[%clk 0:20:16]} Bc5 {[%clk 0:04:17]} 30. g4 {[%clk 0:20:06]} fxg4
{[%clk 0:03:42]} 31. Bxg4 {[%clk 0:20:09]} e5 {[%clk 0:03:35]} 32. Kf1
{[%clk 0:20:04]} Kg5 {[%clk 0:03:32]} 33. Ke2 {[%clk 0:20:07]} h5
{[%clk 0:02:40]} 34. Be6 {[%clk 0:20:05]} Kf6 {[%clk 0:01:26]} 35. Bc8
{[%clk 0:20:09]} g5 {[%clk 0:01:13]} 36. Kf3 {[%clk 0:20:10]} Bd4
{[%clk 0:01:11]} 37. a3 {[%clk 0:20:06]} Bc3 {[%clk 0:00:46]} 38. Kg3
{[%clk 0:20:02]} Bd2 {[%clk 0:00:51]} 39. Kf3 {[%clk 0:20:08]} Bf4
{[%clk 0:00:53]} 40. Bd7 {[%clk 0:19:58]} Ke7 {[%clk 0:01:02]} 41. Bc8
{[%clk 0:20:05]} Kd8 {[%clk 0:01:09]} 42. Bf5 {[%clk 0:20:13]} Kc7
{[%clk 0:01:10]} 43. Bg6 {[%clk 0:20:14]} h4 {[%clk 0:01:17]} 44. Be4
{[%clk 0:20:01]} Kd6 {[%clk 0:01:24]} 45. Kg2 {[%clk 0:19:57]} Kc5
{[%clk 0:01:23]} 46. Bd5 {[%clk 0:20:02]} a6 {[%clk 0:01:05]} 47. Kf3
{[%clk 0:20:09]} b5 {[%clk 0:00:49]} 48. Be4 {[%clk 0:20:07]} Kxc4
{[%clk 0:00:49]} 49. Ke2 {[%clk 0:19:55]} Kb3 {[%clk 0:00:53]} 50. Bb7
{[%clk 0:19:59]} a5 {[%clk 0:00:41]} 51. Bc6 {[%clk 0:20:03]} Kxa3
{[%clk 0:00:44]} 52. Bxb5 {[%clk 0:20:09]} Kb4 {[%clk 0:00:53]} 53. Bd7
{[%clk 0:20:14]} a4 {[%clk 0:01:02]} 54. Be6 {[%clk 0:20:12]} Kc3
{[%clk 0:01:03]} 55. Ba2 {[%clk 0:20:13]} a3 {[%clk 0:01:10]} 56. Kd1
{[%clk 0:20:19]} Kb2 {[%clk 0:01:19]} 57. Be6 {[%clk 0:20:26]} a2
{[%clk 0:01:27]} 58. Bxa2 {[%clk 0:20:32]} Kxa2 {[%clk 0:01:35]} 59. Ke2
{[%clk 0:20:33]} Kb3 {[%clk 0:01:44]} 60. Ke1 {[%clk 0:20:39]} Kc3
{[%clk 0:01:52]} 61. Ke2 {[%clk 0:20:47]} e4 {[%clk 0:02:00]} 62. Kf2
{[%clk 0:20:52]} Kd2 {[%clk 0:02:07]} 63. Kg2 {[%clk 0:20:57]} e3
{[%clk 0:02:04]} 64. Kf3 {[%clk 0:21:05]} e2 {[%clk 0:02:12]} 65. Ke4
{[%clk 0:21:11]} e1=Q+ {[%clk 0:02:16]} 66. Kd5 {[%clk 0:21:18]} Qe5+
{[%clk 0:02:24]} 67. Kc4 {[%clk 0:21:21]} Be3 {[%clk 0:02:27]} 68. Kb4
{[%clk 0:21:24]} Qc5+ {[%clk 0:02:34]} 69. Kb3 {[%clk 0:21:31]} Bd4
{[%clk 0:02:40]} 70. Ka4 {[%clk 0:21:25]} Bc3 {[%clk 0:02:19]} 71. Kb3
{[%clk 0:21:19]} Qb4+ {[%clk 0:02:27]} 72. Ka2 {[%clk 0:21:26]} Qb2# 0-1

[Event "MCRDMZ 2018"]
[Site "Varnsdorf"]
[Date "2018.06.17"]
[Round "8.6"]
[White "Dobsa Emma (Unichess)"]
[Black "Vavrinkova Marie (Loko Brno A)"]
[Result "0-1"]
[BlackElo "1364"]
[WhiteElo "1400"]
[LiveChessVersion "1.4.8"]

1. e4 {[%clk 0:25:17]} c6 {[%clk 0:25:08]} 2. d4 {[%clk 0:25:10]} d5
{[%clk 0:24:55]} 3. Nc3 {[%clk 0:25:08]} dxe4 {[%clk 0:24:35]} 4. Nxe4
{[%clk 0:25:03]} Bf5 {[%clk 0:24:11]} 5. Ng3 {[%clk 0:25:05]} Bg6
{[%clk 0:23:58]} 6. Nh3 {[%clk 0:24:56]} h6 {[%clk 0:23:18]} 7. Nf4
{[%clk 0:24:44]} Bh7 {[%clk 0:22:30]} 8. Bc4 {[%clk 0:22:32]} Nd7
{[%clk 0:19:45]} 9. Nd3 {[%clk 0:21:48]} Ngf6 {[%clk 0:15:16]} 10. O-O
{[%clk 0:20:54]} e6 {[%clk 0:13:38]} 11. Nh5 {[%clk 0:19:51]} Be7
{[%clk 0:11:26]} 12. Nxg7+ {[%clk 0:19:45]} Kf8 {[%clk 0:10:38]} 13. Bxh6
{[%clk 0:19:25]} Kg8 {[%clk 0:08:45]} 14. Nxe6 {[%clk 0:19:18]} Qa5
{[%clk 0:06:26]} 15. Bd2 {[%clk 0:18:28]} Qb6 16. Ng5 {[%clk 0:18:01]} Rf8
{[%clk 0:03:04]} 17. Qf3 {[%clk 0:16:25]} Qxd4 {[%clk 0:01:24]} 18. Bb3
{[%clk 0:15:32]} Qh4 {[%clk 0:01:23]} 19. Nf4 {[%clk 0:14:32]} Be4
{[%clk 0:00:51]} 20. Nxe4 {[%clk 0:14:26]} Qxh2# {[%clk 0:00:55]} 0-1

[Event "MCRDMZ 2018"]
[Site "Varnsdorf"]
[Date "2018.06.17"]
[Round "8.7"]
[White "Cerny Michal (Malenovice)"]
[Black "Hrbek Stepan (Polabiny A)"]
[Result "1/2-1/2"]
[BlackElo "1785"]
[WhiteElo "1513"]
[LiveChessVersion "1.4.8"]

1. e4 {[%clk 0:25:18]} c5 {[%clk 0:25:20]} 2. Nf3 {[%clk 0:25:26]} g6
{[%clk 0:25:29]} 3. d4 {[%clk 0:25:32]} cxd4 {[%clk 0:25:38]} 4. Nxd4
{[%clk 0:25:40]} Bg7 {[%clk 0:25:47]} 5. Nc3 {[%clk 0:25:36]} Nc6
{[%clk 0:25:56]} 6. Be3 {[%clk 0:25:43]} Nf6 {[%clk 0:26:05]} 7. f3
{[%clk 0:25:39]} O-O {[%clk 0:26:12]} 8. Bc4 {[%clk 0:25:15]} Qb6
{[%clk 0:26:14]} 9. Bb3 {[%clk 0:24:39]} Nxe4 {[%clk 0:26:16]} 10. fxe4
{[%clk 0:23:03]} Bxd4 {[%clk 0:26:11]} 11. Bxd4 {[%clk 0:22:54]} Qxd4
{[%clk 0:25:35]} 12. Qxd4 {[%clk 0:22:52]} Nxd4 {[%clk 0:25:44]} 13. O-O
{[%clk 0:21:50]} Rb8 {[%clk 0:22:32]} 14. Rad1 {[%clk 0:20:41]} Nc6
{[%clk 0:21:11]} 15. Nd5 {[%clk 0:17:55]} Kg7 {[%clk 0:20:34]} 16. c3
{[%clk 0:16:43]} d6 {[%clk 0:17:24]} 17. Nf4 {[%clk 0:12:32]} b5 {[%clk 0:14:48]}
18. Bd5 {[%clk 0:11:54]} Ne5 {[%clk 0:14:35]} 19. h3 {[%clk 0:09:24]} Bd7
{[%clk 0:13:00]} 20. Rf2 {[%clk 0:08:19]} f6 {[%clk 0:10:33]} 21. Be6
{[%clk 0:04:39]} Rfc8 {[%clk 0:10:01]} 22. Bxd7 {[%clk 0:04:11]} Nxd7
{[%clk 0:10:10]} 23. Nd5 {[%clk 0:02:59]} Kf7 {[%clk 0:09:44]} 24. g4
{[%clk 0:01:59]} g5 {[%clk 0:09:44]} 25. Re2 {[%clk 0:01:07]} Nb6
{[%clk 0:07:16]} 26. Ne3 {[%clk 0:00:33]} Na4 {[%clk 0:06:39]} 27. Nd5
{[%clk 0:00:18]} a5 {[%clk 0:06:06]} 28. Rc1 {[%clk 0:00:15]} b4 {[%clk 0:05:41]}
29. c4 {[%clk 0:00:18]} b3 {[%clk 0:04:59]} 30. a3 {[%clk 0:00:21]} Rc5
{[%clk 0:05:00]} 31. Ne3 {[%clk 0:00:15]} Rbc8 {[%clk 0:04:34]} 32. Rd2
{[%clk 0:00:19]} Re5 {[%clk 0:03:17]} 1/2-1/2